[Event "Sautron op 13th"]
[Site "Sautron"]
[Date "2013.10.??"]
[Round "4"]
[White "Mercier, Jean Loup"]
[Black "Peyre, Thomas"]
[Result "0-1"]
[WhiteElo "1802"]
[BlackElo "2136"]
[PlyCount "34"]
[EventDate "2013.10.26"]
[EventType "swiss"]
[EventRounds "9"]
[EventCountry "FRA"]
[SourceTitle "EXT 2016"]
[Source "ChessBase"]
[SourceDate "2015.10.08"]
[SourceVersion "1"]
[SourceVersionDate "2015.10.08"]
[SourceQuality "1"]

1. b3 e5 2. Bb2 d6 3. e3 Nf6 4. Nf3 Be7 5. c4 c6 6. c5 Nbd7 7. cxd6 Bxd6 8. Nc3 e4 9. Nd4 Nc5 10. d3 Bg4 11. f3 exf3 12. Nxf3 0-0 13. Be2 Bxf3 14. Bxf3 Re8 15. Ke2 Qe7 16. Bc1 Rad8 17. d4 Bf4 0-1

[Event "Sautron op 13th"]
[Site "Sautron"]
[Date "2013.10.??"]
[Round "7"]
[White "Peyre, Thomas"]
[Black "Davy, Bruno"]
[Result "1/2-1/2"]
[WhiteElo "2136"]
[BlackElo "1782"]
[PlyCount "30"]
[EventDate "2013.10.26"]
[EventType "swiss"]
[EventRounds "9"]
[EventCountry "FRA"]
[SourceTitle "EXT 2016"]
[Source "ChessBase"]
[SourceDate "2015.10.08"]
[SourceVersion "1"]
[SourceVersionDate "2015.10.08"]
[SourceQuality "1"]

1. e4 b6 2. d4 Bb7 3. Nc3 e6 4. Nf3 Bb4 5. Bd3 c5 6. a3 Bxc3+ 7. bxc3 c4 8. Bxc4 Bxe4 9. Qe2 Nf6 10. Bg5 d5 11. Bb5+ Kf8 12. 0-0 a6 13. Bd3 Bxd3 14. cxd3 h6 15. Bh4 Nc6 1/2-1/2

[Event "FRA-ch op-A"]
[Site "Nancy"]
[Date "2013.08.20"]
[Round "8"]
[White "Peyre, Thomas"]
[Black "Mirimanian, Hayk"]
[Result "1-0"]
[WhiteElo "2098"]
[BlackElo "2111"]
[PlyCount "69"]
[EventDate "2013.08.11"]
[EventType "swiss"]
[EventRounds "11"]
[EventCountry "FRA"]
[SourceTitle "CBM 156 Extra"]
[Source "ChessBase"]
[SourceDate "2013.10.22"]
[SourceVersion "1"]
[SourceVersionDate "2013.10.22"]
[SourceQuality "1"]

1. e4 e5 2. Nf3 Nc6 3. Bc4 Nf6 4. d3 h6 5. c3 d6 6. Bb3 g6 7. 0-0 Bg7 8. Nbd2 0-0 9. a4 Kh8 10. Nc4 Nh7 11. d4 exd4 12. Nxd4 Nxd4 13. cxd4 Ng5 14. f3 d5 15. Ne5 dxe4 16. Bxg5 Qxg5 17. Nxf7+ Rxf7 18. Bxf7 Bh3 19. Qc2 exf3 20. Rxf3 Bf5 21. Qxc7 Bxd4+ 22. Kh1 Rc8 23. Qf4 Bxb2 24. Qxg5 hxg5 25. Re1 Rc7 26. Bb3 Bd4 27. h3 g4 28. hxg4 Bxg4 29. Rf7 Rxf7 30. Bxf7 Bf5 31. Bd5 b6 32. Re7 a6 33. Bc4 Bc2 34. Bxa6 Bxa4 35. Re4 1-0

[Event "Avoine op 28th"]
[Site "Avoine"]
[Date "2013.07.27"]
[Round "8"]
[White "Peyre, Thomas"]
[Black "Oney, Remel"]
[Result "1-0"]
[WhiteElo "2098"]
[BlackElo "1832"]
[PlyCount "51"]
[EventDate "2013.07.20"]
[EventType "swiss"]
[EventRounds "9"]
[EventCountry "FRA"]
[SourceTitle "CBM 155 Extra"]
[Source "ChessBase"]
[SourceDate "2013.08.26"]
[SourceVersion "1"]
[SourceVersionDate "2013.08.26"]
[SourceQuality "1"]

1. Nc3 e5 2. e4 Nf6 3. Nf3 Nc6 4. Bb5 Nd4 5. Bc4 d6 6. Nxd4 exd4 7. Nd5 Nxd5 8. Bxd5 c6 9. Bb3 Be6 10. d3 Bxb3 11. axb3 g6 12. 0-0 Bg7 13. f4 0-0 14. f5 Be5 15. Qg4 h5 16. Qh3 Kg7 17. Bf4 Bxf4 18. Rxf4 Rh8 19. Raf1 g5 20. f6+ Kf8 21. Rf5 Qd7 22. Qg3 Ke8 23. e5 d5 24. e6 fxe6 25. Rxg5 Kd8 26. Rg7 1-0

[Event "Avoine op 28th"]
[Site "Avoine"]
[Date "2013.07.24"]
[Round "5"]
[White "Bouget, Alexandre"]
[Black "Peyre, Thomas"]
[Result "1-0"]
[WhiteElo "2257"]
[BlackElo "2098"]
[PlyCount "137"]
[EventDate "2013.07.20"]
[EventType "swiss"]
[EventRounds "9"]
[EventCountry "FRA"]
[SourceTitle "CBM 155 Extra"]
[Source "ChessBase"]
[SourceDate "2013.08.26"]
[SourceVersion "1"]
[SourceVersionDate "2013.08.26"]
[SourceQuality "1"]

1. Nc3 c5 2. e4 d6 3. f4 g6 4. Nf3 Bg7 5. Bb5+ Bd7 6. Bxd7+ Qxd7 7. 0-0 Nc6 8. d3 e6 9. Kh1 Nge7 10. Qe1 Nd4 11. Nxd4 cxd4 12. f5 gxf5 13. exf5 dxc3 14. f6 Bxf6 15. Rxf6 Nd5 16. Rf3 0-0-0 17. bxc3 f5 18. c4 Nf6 19. c5 dxc5 20. Bf4 Nd5 21. Be5 Rhg8 22. Rb1 Ne7 23. Qa5 Nc6 24. Qxc5 Qd5 25. Qxd5 Rxd5 26. Bg3 Nd4 27. Rf2 Rc5 28. Rd2 b6 29. Bf2 Rd8 30. c4 Rc6 31. Kg1 Rcd6 32. Bg3 Rc6 33. a4 Rc5 34. Re1 Ra5 35. Ra2 Re8 36. Be5 Rd8 37. Bf6 Rd7 38. h4 h5 39. Rf2 Rxa4 40. Rf4 Nb3 41. Rxe6 Rxd3 42. Rxf5 Rxc4 43. Rxh5 Rc1+ 44. Kf2 Rc2+ 45. Re2 Rxe2+ 46. Kxe2 Rd6 47. Rh8+ Kd7 48. Bc3 a5 49. h5 Nd4+ 50. Bxd4 Rxd4 51. h6 Re4+ 52. Kd3 Re7 53. Rg8 Ke6 54. g4 Rh7 55. Rg6+ Ke5 56. Rxb6 Rd7+ 57. Ke3 Rd1 58. g5 Rh1 59. g6 Rh3+ 60. Kf2 Rh2+ 61. Kg3 Rxh6 62. g7 Rxb6 63. g8Q Kd4 64. Qa2 Rb5 65. Kf4 Kc5 66. Qa3+ Rb4+ 67. Ke5 Kb5 68. Kd5 Ra4 69. Qc5+ 1-0

[Event "Avoine op 28th"]
[Site "Avoine"]
[Date "2013.07.23"]
[Round "4"]
[White "Peyre, Thomas"]
[Black "Manea, Alexandru"]
[Result "1/2-1/2"]
[WhiteElo "2098"]
[BlackElo "2389"]
[PlyCount "99"]
[EventDate "2013.07.20"]
[EventType "swiss"]
[EventRounds "9"]
[EventCountry "FRA"]
[SourceTitle "CBM 155 Extra"]
[Source "ChessBase"]
[SourceDate "2013.08.26"]
[SourceVersion "1"]
[SourceVersionDate "2013.08.26"]
[SourceQuality "1"]

1. e4 c6 2. d4 d5 3. Nc3 g6 4. f3 Bg7 5. Be3 Qb6 6. Qd2 Qxb2 7. Rb1 Qa3 8. exd5 Nf6 9. Bc4 Nbd7 10. dxc6 bxc6 11. Nge2 Nb6 12. Bb3 Ba6 13. Bh6 0-0 14. Bxg7 Kxg7 15. 0-0 c5 16. dxc5 Qxc5+ 17. Kh1 Rad8 18. Qf4 Nbd5 19. Nxd5 Nxd5 20. Qe5+ f6 21. Qd4 Qxd4 22. Nxd4 Bxf1 23. Ne6+ Kf7 24. Nxd8+ Rxd8 25. Rxf1 e6 26. Rd1 Ke7 27. Kg1 Rd6 28. Kf2 Nc7 29. Rxd6 Kxd6 30. g3 Kc5 31. Ke3 a6 32. c3 Nd5+ 33. Kd3 e5 34. Ba4 f5 35. Bb3 Nf6 36. Ke3 Nd5+ 37. Kd3 Nf6 38. Ke3 g5 39. Be6 f4+ 40. gxf4 exf4+ 41. Kd3 Kd6 42. Bc8 Kc5 43. Bf5 Kd5 44. Bc8 Kc6 45. Bf5 h6 46. Bc8 Kd5 47. Bb7+ Kc5 48. Bc8 Kd5 49. Bb7+ Kc5 50. Bc8 1/2-1/2

[Event "Avoine op 28th"]
[Site "Avoine"]
[Date "2013.07.20"]
[Round "1"]
[White "Jianu, Vlad Cristian"]
[Black "Peyre, Thomas"]
[Result "1-0"]
[WhiteElo "2560"]
[BlackElo "2098"]
[PlyCount "55"]
[EventDate "2013.07.20"]
[EventType "swiss"]
[EventRounds "9"]
[EventCountry "FRA"]
[SourceTitle "CBM 155 Extra"]
[Source "ChessBase"]
[SourceDate "2013.08.26"]
[SourceVersion "1"]
[SourceVersionDate "2013.08.26"]
[SourceQuality "1"]

1. Nf3 Nf6 2. c4 e6 3. g3 b6 4. Bg2 Bb7 5. 0-0 Be7 6. Nc3 0-0 7. Re1 Ne4 8. Nxe4 Bxe4 9. d3 Bb7 10. e4 d6 11. d4 Nd7 12. b3 e5 13. Bb2 Bf6 14. Qd2 Re8 15. Rad1 exd4 16. Nxd4 Nc5 17. Qc2 g6 18. b4 Ne6 19. Nxe6 Rxe6 20. Bxf6 Rxf6 21. e5 Bxg2 22. exf6 Bf3 23. Rd4 Qd7 24. Qd3 Bb7 25. Qe3 Qc6 26. Rd5 Kh8 27. Qh6 Rg8 28. Re4 1-0

[Event "Avoine op 27th"]
[Site "Avoine"]
[Date "2012.07.27"]
[Round "7"]
[White "Dubois, Marie"]
[Black "Peyre, Thomas"]
[Result "0-1"]
[WhiteElo "1815"]
[BlackElo "2072"]
[PlyCount "58"]
[EventDate "2012.07.21"]
[EventType "swiss"]
[EventRounds "9"]
[EventCountry "FRA"]
[SourceTitle "CBM 149 Extra"]
[Source "ChessBase"]
[SourceDate "2012.08.24"]
[SourceVersion "1"]
[SourceVersionDate "2012.08.24"]
[SourceQuality "1"]

1. d4 Nf6 2. c4 e6 3. Nc3 Bb4 4. e3 c5 5. Nf3 d5 6. Be2 Nc6 7. 0-0 0-0 8. a3 Bxc3 9. bxc3 dxc4 10. Bxc4 Qc7 11. Nd2 Rd8 12. Qf3 Na5 13. Ba2 Bd7 14. Qg3 Rac8 15. Bb2 cxd4 16. exd4 Bb5 17. Rfe1 Nd5 18. Qh4 Qf4 19. Qxf4 Nxf4 20. a4 Ba6 21. Re3 Rc6 22. Rae1 Nc4 23. Bxc4 Bxc4 24. Nxc4 Rxc4 25. Rc1 Nd5 26. Rg3 Nb6 27. a5 Na4 28. Ba3 Rdc8 29. h3 Nxc3 0-1

[Event "Avoine op 27th"]
[Site "Avoine"]
[Date "2012.07.21"]
[Round "1"]
[White "Haub, Thorsten Michael"]
[Black "Peyre, Thomas"]
[Result "1-0"]
[WhiteElo "2466"]
[BlackElo "2072"]
[PlyCount "86"]
[EventDate "2012.07.21"]
[EventType "swiss"]
[EventRounds "9"]
[EventCountry "FRA"]
[SourceTitle "CBM 149 Extra"]
[Source "ChessBase"]
[SourceDate "2012.08.24"]
[SourceVersion "1"]
[SourceVersionDate "2012.08.24"]
[SourceQuality "1"]

1. g3 d5 2. Bg2 Nf6 3. d3 Nbd7 4. Nf3 e5 5. 0-0 Bd6 6. c4 dxc4 7. dxc4 Qe7 8. Nc3 c6 9. Nh4 Nb6 10. Bg5 Nxc4 11. Qc2 Nb6 12. Rfd1 Bc7 13. Ne4 Nbd5 14. Nxf6+ gxf6 15. Bh6 Be6 16. Nf5 Bxf5 17. Qxf5 Qe6 18. Qh5 f5 19. Bg7 Rg8 20. Qxh7 Ne7 21. h4 Qg6 22. Qxg6 fxg6 23. Bh6 e4 24. e3 Nd5 25. Bf1 Kf7 26. Bc4 Ke6 27. b4 Rgd8 28. Rac1 Rac8 29. b5 Be5 30. Bb3 Bf6 31. a4 Rd7 32. Rc5 Rdd8 33. bxc6 bxc6 34. Rdc1 Rd6 35. Bf4 Be5 36. Bxd5+ Rxd5 37. Rxc6+ Rxc6 38. Rxc6+ Rd6 39. Rxd6+ Bxd6 40. Bxd6 Kxd6 41. Kg2 a5 42. g4 fxg4 43. Kg3 Kd5 1-0

[Event "Avoine op 26th"]
[Site "Avoine"]
[Date "2011.07.29"]
[Round "7"]
[White "Peyre, Thomas"]
[Black "Dutreuil, Raphael"]
[Result "1-0"]
[WhiteElo "2084"]
[BlackElo "1900"]
[PlyCount "81"]
[EventDate "2011.07.23"]
[EventType "swiss"]
[EventRounds "9"]
[EventCountry "FRA"]
[SourceTitle "EXT 2012"]
[Source "ChessBase"]
[SourceDate "2011.11.24"]
[SourceVersion "1"]
[SourceVersionDate "2011.11.24"]
[SourceQuality "1"]

1. e4 c5 2. Nc3 e6 3. Nge2 d6 4. d4 cxd4 5. Nxd4 a6 6. Bc4 b5 7. Bb3 Nd7 8. 0-0 Nc5 9. f3 Be7 10. Kh1 Bb7 11. Qe1 Nf6 12. Qg3 0-0 13. Bh6 Ne8 14. a3 Bf6 15. Be3 Be5 16. Qf2 Nc7 17. Rad1 Qe7 18. Ba2 Rfd8 19. Nb3 Nxb3 20. Bxb3 Bxc3 21. bxc3 d5 22. e5 a5 23. f4 Ba6 24. Rfe1 a4 25. Bc5 Qd7 26. Ba2 Qc6 27. Bd4 Rac8 28. Re3 b4 29. cxb4 Nb5 30. Bc5 d4 31. Rh3 Nc3 32. Qh4 h6 33. Rxc3 g5 34. Qxh6 dxc3 35. Rxd8+ Rxd8 36. Qxg5+ Kh7 37. Qxd8 Qe4 38. Qh4+ Kg6 39. Qf6+ Kh7 40. Qxf7+ Kh8 41. Bxe6 1-0

[Event "Avoine op 26th"]
[Site "Avoine"]
[Date "2011.07.24"]
[Round "2"]
[White "Louis Sidois, Charles"]
[Black "Peyre, Thomas"]
[Result "1-0"]
[WhiteElo "1917"]
[BlackElo "2084"]
[PlyCount "69"]
[EventDate "2011.07.23"]
[EventType "swiss"]
[EventRounds "9"]
[EventCountry "FRA"]
[SourceTitle "EXT 2012"]
[Source "ChessBase"]
[SourceDate "2011.11.24"]
[SourceVersion "1"]
[SourceVersionDate "2011.11.24"]
[SourceQuality "1"]

1. e4 c5 2. Nf3 d6 3. d4 cxd4 4. Nxd4 Nf6 5. Nc3 a6 6. Bg5 e6 7. f4 Qb6 8. Qd2 Qxb2 9. Rb1 Qa3 10. Bc4 Qc5 11. Be2 Be7 12. e5 dxe5 13. fxe5 Qxe5 14. Bf4 Qa5 15. Bxb8 Rxb8 16. Nc6 bxc6 17. Rxb8 0-0 18. Ne4 Qe5 19. Nxf6+ Bxf6 20. Rb3 Bg5 21. Qc3 Qe4 22. Qf3 Qxc2 23. 0-0 Qxa2 24. Rb8 e5 25. Bd3 Qe6 26. Qe4 g6 27. Bc4 Qe7 28. Qxc6 Qa7+ 29. Kh1 Qxb8 30. Rxf7 Rxf7 31. Qe8+ Kg7 32. Qxf7+ Kh6 33. Qf8+ Kh5 34. Be2+ Kh4 35. Qf2# 1-0

[Event "Breizh Masters (Women)"]
[Site "Guingamp"]
[Date "2011.03.11"]
[Round "8"]
[White "Peyre, Thomas"]
[Black "Benard, Anne Laurie"]
[Result "1/2-1/2"]
[WhiteElo "2084"]
[BlackElo "1940"]
[PlyCount "49"]
[EventDate "2011.03.04"]
[EventType "tourn"]
[EventRounds "9"]
[EventCountry "FRA"]
[SourceTitle "EXT 2012"]
[Source "ChessBase"]
[SourceDate "2011.11.24"]
[SourceVersion "1"]
[SourceVersionDate "2011.11.24"]
[SourceQuality "1"]

1. e4 c5 2. Nf3 g6 3. d4 cxd4 4. Nxd4 Bg7 5. Nc3 Nc6 6. Be3 Nf6 7. Bc4 0-0 8. Bb3 a5 9. a4 Ng4 10. Qxg4 Nxd4 11. Qh4 Nxb3 12. cxb3 Ra6 13. 0-0 d6 14. f4 f5 15. Rad1 fxe4 16. Nxe4 Qc7 17. Qf2 Be6 18. Rc1 Rc6 19. Rxc6 Qxc6 20. Nd2 Bxb2 21. Nf3 Bg7 22. Rc1 Qd5 23. Nd2 Rc8 24. Rxc8+ Bxc8 25. h3 1/2-1/2

[Event "Breizh Masters (Women)"]
[Site "Guingamp"]
[Date "2011.03.08"]
[Round "5"]
[White "Toth, Lili"]
[Black "Peyre, Thomas"]
[Result "1-0"]
[WhiteElo "2225"]
[BlackElo "2084"]
[PlyCount "81"]
[EventDate "2011.03.04"]
[EventType "tourn"]
[EventRounds "9"]
[EventCountry "FRA"]
[SourceTitle "EXT 2012"]
[Source "ChessBase"]
[SourceDate "2011.11.24"]
[SourceVersion "1"]
[SourceVersionDate "2011.11.24"]
[SourceQuality "1"]

1. d4 Nf6 2. Nc3 d5 3. Bg5 Nbd7 4. Nf3 h6 5. Bh4 e6 6. e3 Be7 7. Bd3 c5 8. 0-0 0-0 9. Re1 a6 10. Ne5 Nxe5 11. dxe5 Nd7 12. Bg3 b5 13. a3 Rb8 14. Bf1 c4 15. Ne2 Nc5 16. Nd4 Qc7 17. b3 Bd7 18. Qh5 Qa7 19. Bf4 Rfc8 20. h4 Bf8 21. Qg4 Kh8 22. h5 Qc7 23. Qf3 Qd8 24. g4 Be7 25. Qg2 Bg5 26. b4 Na4 27. Bxg5 Qxg5 28. f4 Qe7 29. Be2 Re8 30. Bf3 f6 31. exf6 gxf6 32. e4 Qg7 33. e5 Rg8 34. Kh1 Rbf8 35. Qh2 fxe5 36. Rxe5 Qf7 37. f5 Re8 38. Rae1 Rg5 39. fxe6 Bxe6 40. Rxe6 Rxe6 41. Rxe6 1-0

[Event "Creon op 15th"]
[Site "Creon"]
[Date "2010.07.29"]
[Round "6.3"]
[White "Peyre, Thomas"]
[Black "Doncea, Vladimir"]
[Result "0-1"]
[WhiteElo "2065"]
[BlackElo "2474"]
[PlyCount "62"]
[EventDate "2010.07.28"]
[EventType "swiss"]
[EventRounds "9"]
[EventCountry "FRA"]
[SourceTitle "EXT 2014"]
[Source "ChessBase"]
[SourceDate "2013.11.20"]
[SourceVersion "1"]
[SourceVersionDate "2013.11.20"]
[SourceQuality "1"]

1. e4 c5 2. Nf3 e6 3. d4 cxd4 4. Nxd4 Nc6 5. Nc3 Qc7 6. Be2 a6 7. 0-0 Nf6 8. Bf3 d6 9. g3 Be7 10. Bg2 0-0 11. Kh1 Bd7 12. a4 Nxd4 13. Qxd4 Bc6 14. f4 b5 15. axb5 axb5 16. Be3 Qb7 17. Ra7 Rxa7 18. Qxa7 Qxa7 19. Bxa7 Ra8 20. Bd4 b4 21. e5 Bxg2+ 22. Kxg2 dxe5 23. fxe5 Ng4 24. Nd1 Rc8 25. c3 Bc5 26. Nf2 Bxd4 27. Nxg4 bxc3 28. bxc3 Bxc3 29. Rc1 Rc7 30. Kf3 h5 31. Nf2 Bxe5 0-1

[Event "FRA-ch U16"]
[Site "Troyes"]
[Date "2010.04.16"]
[Round "7"]
[White "Peyre, Thomas"]
[Black "Ane, Cedric"]
[Result "0-1"]
[WhiteElo "2074"]
[BlackElo "2106"]
[PlyCount "71"]
[EventDate "2010.04.11"]
[EventType "swiss"]
[EventRounds "9"]
[EventCountry "FRA"]
[SourceTitle "EXT 2012"]
[Source "ChessBase"]
[SourceDate "2011.11.24"]
[SourceVersion "1"]
[SourceVersionDate "2011.11.24"]
[SourceQuality "1"]

1. e4 c5 2. Nf3 Nc6 3. d4 cxd4 4. Nxd4 g6 5. Nc3 Bg7 6. Be3 Nf6 7. Bc4 0-0 8. Bb3 d6 9. f3 Bd7 10. Qd2 Nxd4 11. Bxd4 b5 12. h4 a5 13. a4 bxa4 14. Nxa4 h5 15. 0-0 Bb5 16. Rfd1 Nd7 17. Qg5 Bxa4 18. Rxa4 Kh7 19. Kh1 Bxd4 20. Raxd4 Kg7 21. f4 Rb8 22. Rd5 Nf6 23. R5d4 Ng4 24. R1d2 Qc7 25. g3 e5 26. fxe5 dxe5 27. Rd7 Qc6 28. R2d5 a4 29. R7d6 Qc7 30. Bxa4 Qc4 31. Qc1 Qxe4+ 32. Kg1 Qxa4 33. b3 Qa7+ 34. Kh1 Qf2 35. Qg1 Qxc2 36. Qf1 0-1

[Event "Fouesnant op 15th"]
[Site "Fouesnant"]
[Date "2009.10.31"]
[Round "9"]
[White "Peyre, Thomas"]
[Black "Inkiov, Ventzislav"]
[Result "0-1"]
[WhiteElo "2020"]
[BlackElo "2465"]
[PlyCount "36"]
[EventDate "2009.10.26"]
[EventType "swiss"]
[EventRounds "9"]
[EventCountry "FRA"]
[SourceTitle "EXT 2010"]
[Source "ChessBase"]
[SourceDate "2010.11.25"]
[SourceVersion "1"]
[SourceVersionDate "2010.11.25"]
[SourceQuality "1"]

1. e4 e5 2. Nf3 Nc6 3. Bb5 f5 4. d3 fxe4 5. dxe4 Nf6 6. 0-0 Bc5 7. Nc3 d6 8. Bg5 0-0 9. Nd5 Kh8 10. c3 Ne7 11. Bc4 Nexd5 12. Bxd5 Qe8 13. b4 Bb6 14. Qd3 Nxd5 15. Qxd5 Qg6 16. Qd2 Rxf3 17. gxf3 Bh3 18. Rfe1 Qh5 0-1

[Event "Fouesnant op 15th"]
[Site "Fouesnant"]
[Date "2009.10.30"]
[Round "8"]
[White "Tirard, Hugo"]
[Black "Peyre, Thomas"]
[Result "1-0"]
[WhiteElo "2440"]
[BlackElo "2020"]
[PlyCount "153"]
[EventDate "2009.10.26"]
[EventType "swiss"]
[EventRounds "9"]
[EventCountry "FRA"]
[SourceTitle "EXT 2010"]
[Source "ChessBase"]
[SourceDate "2010.11.25"]
[SourceVersion "1"]
[SourceVersionDate "2010.11.25"]
[SourceQuality "1"]

1. e4 c5 2. Nf3 e6 3. d4 cxd4 4. Nxd4 a6 5. Bd3 Bc5 6. Nb3 Ba7 7. Qg4 Nf6 8. Qg3 d6 9. Be3 Bxe3 10. Qxe3 Nc6 11. 0-0 0-0 12. Rd1 Qc7 13. c4 Ne5 14. Nc3 Nfg4 15. Qf4 Nxd3 16. Rxd3 Ne5 17. Rg3 Qxc4 18. Rc1 Qb4 19. Rd1 Bd7 20. Rd4 Qb6 21. Qh6 Ng6 22. Qd2 Bc6 23. Rxd6 Rad8 24. Rgd3 Rxd6 25. Rxd6 Qc7 26. h3 Ne5 27. Rd4 b6 28. Qf4 f6 29. Qd2 Nf7 30. Qd3 a5 31. Qc4 Qc8 32. Rd1 Bb7 33. Qb5 Qc6 34. Qe2 Rd8 35. Nd4 Qe8 36. Qc4 e5 37. Nf5 Rxd1+ 38. Nxd1 Qd7 39. Nde3 g6 40. Ng4 Qd1+ 41. Kh2 Kf8 42. Nfh6 Nxh6 43. Nxh6 Kg7 44. Qf7+ Kxh6 45. Qxf6 Bxe4 46. Qh4+ Kg7 47. Qe7+ Kh6 48. Qh4+ Kg7 49. Qxe4 Qd6 50. g3 Kf6 51. Qf3+ Ke7 52. Qe3 Kf6 53. b3 h5 54. h4 Kg7 55. Qc3 Kf7 56. a4 Qf6 57. Qc7+ Kf8 58. Kg2 Qe6 59. Qc3 Ke7 60. Kf3 Qd5+ 61. Ke3 Qe6 62. f3 Qd6 63. Ke4 Ke6 64. Qc4+ Kf6 65. g4 Ke7 66. g5 Qe6 67. Qc7+ Kf8 68. Qb8+ Kf7 69. Qxe5 Qxb3 70. Qd5+ Qxd5+ 71. Kxd5 Ke7 72. Kc6 Ke6 73. Kxb6 Kf5 74. Kxa5 Kf4 75. Kb4 Kxf3 76. a5 Kg4 77. a6 1-0

[Event "Fouesnant op 15th"]
[Site "Fouesnant"]
[Date "2009.10.27"]
[Round "5"]
[White "Peyre, Thomas"]
[Black "Annetti, Laurent"]
[Result "1-0"]
[WhiteElo "2020"]
[BlackElo "1841"]
[PlyCount "61"]
[EventDate "2009.10.26"]
[EventType "swiss"]
[EventRounds "9"]
[EventCountry "FRA"]
[SourceTitle "EXT 2010"]
[Source "ChessBase"]
[SourceDate "2010.11.25"]
[SourceVersion "1"]
[SourceVersionDate "2010.11.25"]
[SourceQuality "1"]

1. e4 e5 2. Nf3 Nc6 3. Bb5 f5 4. d3 fxe4 5. dxe4 Nf6 6. 0-0 Bc5 7. Nc3 d6 8. Be3 Bb6 9. Bg5 0-0 10. Qd3 Kh8 11. Nd5 Qe8 12. c3 Qg6 13. Bxf6 gxf6 14. Bxc6 bxc6 15. Ne7 Qg4 16. Nd2 Be6 17. a4 a5 18. Nc4 Bxc4 19. Qxc4 d5 20. Qxc6 dxe4 21. Nd5 f5 22. Nxb6 cxb6 23. Qxb6 Rg8 24. Qf6+ Rg7 25. g3 f4 26. Rad1 h5 27. Qxe5 f3 28. Rd6 Kh7 29. Qe6 Qg5 30. Qxe4+ Kg8 31. Qxa8+ 1-0

[Event "Fouesnant op 15th"]
[Site "Fouesnant"]
[Date "2009.10.26"]
[Round "4"]
[White "Le Duigou, Goulven"]
[Black "Peyre, Thomas"]
[Result "0-1"]
[WhiteElo "1840"]
[BlackElo "2020"]
[PlyCount "46"]
[EventDate "2009.10.26"]
[EventType "swiss"]
[EventRounds "9"]
[EventCountry "FRA"]
[SourceTitle "EXT 2010"]
[Source "ChessBase"]
[SourceDate "2010.11.25"]
[SourceVersion "1"]
[SourceVersionDate "2010.11.25"]
[SourceQuality "1"]

1. e4 c5 2. f4 d5 3. e5 Nc6 4. Nf3 Bg4 5. h3 Bxf3 6. Qxf3 e6 7. c3 Qb6 8. a4 Nge7 9. Na3 Na5 10. Bb5+ Nec6 11. f5 a6 12. fxe6 fxe6 13. 0-0 Be7 14. Qf7+ Kd7 15. Rf6 gxf6 16. exf6 axb5 17. axb5 c4+ 18. Kf1 Raf8 19. bxc6+ Nxc6 20. Qh5 Rxf6+ 21. Ke1 Qf2+ 22. Kd1 Qf1+ 23. Kc2 Qd3+ 0-1

[Event "Fouesnant op 15th"]
[Site "Fouesnant"]
[Date "2009.10.25"]
[Round "3"]
[White "Peyre, Thomas"]
[Black "Marholev, Dimitar"]
[Result "0-1"]
[WhiteElo "2020"]
[BlackElo "2413"]
[PlyCount "64"]
[EventDate "2009.10.26"]
[EventType "swiss"]
[EventRounds "9"]
[EventCountry "FRA"]
[SourceTitle "EXT 2010"]
[Source "ChessBase"]
[SourceDate "2010.11.25"]
[SourceVersion "1"]
[SourceVersionDate "2010.11.25"]
[SourceQuality "1"]

1. e4 e5 2. Nf3 Nc6 3. Bb5 g6 4. Bxc6 dxc6 5. b3 f6 6. 0-0 c5 7. Qe2 Ne7 8. Bb2 Nc6 9. d3 Bg7 10. Nbd2 0-0 11. Rad1 b6 12. Nc4 Nd4 13. Nxd4 cxd4 14. f4 b5 15. Nd2 c5 16. Ba3 Qc7 17. Qf2 Bh6 18. Qh4 Bxf4 19. Nf3 Be6 20. Bc1 Bxc1 21. Rxc1 c4 22. Qg3 Rac8 23. h4 Kh8 24. Kh1 Qd6 25. Rce1 cxd3 26. cxd3 Rf7 27. Re2 Rcf8 28. Ref2 Qc7 29. b4 Kg7 30. h5 f5 31. Nh4 Kh6 32. exf5 Bxf5 0-1

[Event "Avoine op 24th"]
[Site "Avoine"]
[Date "2009.07.24"]
[Round "7"]
[White "Peyre, Thomas"]
[Black "Burille, Matthieu"]
[Result "1-0"]
[WhiteElo "1982"]
[BlackElo "1824"]
[PlyCount "49"]
[EventDate "2009.07.18"]
[EventType "swiss"]
[EventRounds "9"]
[EventCountry "FRA"]
[SourceTitle "CBM 131 Extra"]
[Source "ChessBase"]
[SourceDate "2009.09.03"]
[SourceVersion "2"]
[SourceVersionDate "2009.09.16"]
[SourceQuality "1"]

1. e4 c5 2. Nf3 d6 3. d4 cxd4 4. Nxd4 Nf6 5. Nc3 a6 6. Be2 e5 7. Nb3 Be7 8. a4 Be6 9. Be3 Nbd7 10. 0-0 0-0 11. f4 Qc7 12. a5 Rac8 13. Bf3 Bc4 14. Rf2 d5 15. fxe5 Nxe5 16. exd5 Bd6 17. h3 Rfe8 18. Bd4 Nxf3+ 19. Qxf3 Bg3 20. Rd2 Re1+ 21. Rxe1 Bxe1 22. Rd1 Re8 23. Bxf6 gxf6 24. d6 Qd8 25. Qg4+ 1-0

[Event "Avoine op 24th"]
[Site "Avoine"]
[Date "2009.07.20"]
[Round "2"]
[White "Alet, Jean Pierre"]
[Black "Peyre, Thomas"]
[Result "1/2-1/2"]
[WhiteElo "2207"]
[BlackElo "1982"]
[PlyCount "100"]
[EventDate "2009.07.18"]
[EventType "swiss"]
[EventRounds "9"]
[EventCountry "FRA"]
[SourceTitle "CBM 131 Extra"]
[Source "ChessBase"]
[SourceDate "2009.09.03"]
[SourceVersion "2"]
[SourceVersionDate "2009.09.16"]
[SourceQuality "1"]

1. d4 Nf6 2. c4 e6 3. Nc3 Bb4 4. e3 b6 5. Nge2 Ne4 6. f3 Nxc3 7. bxc3 Bd6 8. e4 e5 9. Be3 Nc6 10. Ng3 exd4 11. cxd4 Qh4 12. Rg1 Bxg3+ 13. hxg3 Qxg3+ 14. Bf2 Qg5 15. Qd2 Qxd2+ 16. Kxd2 Ba6 17. Kc3 0-0 18. Bd3 Ne7 19. g4 c6 20. Rh1 g6 21. Rh2 f6 22. Rah1 Rf7 23. Bg3 d5 24. e5 c5 25. dxc5 bxc5 26. e6 Rg7 27. Bd6 Rd8 28. g5 Rxd6 29. gxf6 Rxe6 30. fxg7 h5 31. Rg1 dxc4 32. Bxc4 Bxc4 33. Kxc4 Re5 34. Rb1 Nc6 35. Rb5 Nd4 36. Rb7 Nxf3 37. Rg2 g5 38. Rxa7 h4 39. Rb2 Re8 40. Rb6 Ne5+ 41. Kxc5 Kh7 42. g8Q+ Kxg8 43. Rh6 Rf8 44. Rh5 Nf7 45. a4 Re8 46. a5 Re5+ 47. Kd4 Rf5 48. Ke4 Re5+ 49. Kd4 Rf5 50. Ke4 Re5+ 1/2-1/2

[Event "Fouesnant op 14th"]
[Site "Fouesnant"]
[Date "2008.11.01"]
[Round "9"]
[White "Hutois, Mickael"]
[Black "Peyre, Thomas"]
[Result "0-1"]
[WhiteElo "1984"]
[BlackElo "1919"]
[PlyCount "62"]
[EventDate "2008.10.25"]
[EventType "swiss"]
[EventRounds "9"]
[EventCountry "FRA"]
[SourceTitle "EXT 2009"]
[Source "ChessBase"]
[SourceDate "2008.11.26"]
[SourceVersion "1"]
[SourceVersionDate "2008.11.26"]
[SourceQuality "1"]

1. e4 c5 2. Nf3 e6 3. d4 cxd4 4. Nxd4 a6 5. Be3 Nf6 6. Nc3 Bb4 7. Bd3 Qc7 8. Nde2 d5 9. 0-0 dxe4 10. Nxe4 Nbd7 11. c3 Be7 12. Qc2 0-0 13. f4 Nd5 14. Bd2 Nc5 15. Nxc5 Bxc5+ 16. Kh1 h6 17. Rf3 Kh8 18. f5 exf5 19. Bxf5 Ne7 20. Bxc8 Raxc8 21. Raf1 Ng6 22. Qb3 Qd7 23. Bc1 Ne5 24. Rf5 f6 25. h3 Qd3 26. Ng1 b5 27. Qe6 Rc6 28. Qb3 Rcc8 29. R5f4 Rcd8 30. a4 Qd5 31. axb5 Qxb3 0-1